000 00368nam a22001457a 4500
003 MACL
005 20190901150937.0
008 190901b xxu||||| |||| 00| 0 eng d
040 _c MACL
100 _aMisra, Rabi Narayan
_976505
245 _aSound Pollution Management
260 _aDelhi
_bDiscovery Pub
_c2017
650 _aEnvironment
_976506
942 _2ddc
_cBK
999 _c60910
_d60910